Normal view
MARC view
Entry Topical Term
001 - CONTROL NUMBER
- control field: 41297
003 - CONTROL NUMBER IDENTIFIER
- control field: ARRUPE
005 - DATE AND TIME OF LATEST TRANSACTION
- control field: 20180404115625.0
008 - FIXED-LENGTH DATA ELEMENTS
- fixed length control field: 180404|| aca||aabn | a|a d
040 ## - CATALOGING SOURCE
- Original cataloging agency: ARRUPE
- Transcribing agency: ARRUPE
150 ## - HEADING--TOPICAL TERM
- Topical term or geographic name as entry element: Nonverbal communication
- Geographic subdivision: Congo (Democratic Republic)
670 ## - SOURCE DATA FOUND
- Source citation: Work cat.: (ARRUPE)0: Hochegger, Hermann. 38498, Le langage des gestes rituels /, c1981-<c1982 >